Nové trendy v spotrebiteľskom správaní

Rozvoj elektronického obchodu. Prekonávanie prekážok súvisiacich s elektronickým obchodovaním. Základná právna norma EÚ upravujúca elektronické obchodovanie - Smernica o elektronickom obchode 2000/31/ES z r. 2000. Právne predpisy upravujúce elektronické podnikanie na Slovensku. Nové spotrebiteľské s...

Descrizione completa

Salvato in:
Dettagli Bibliografici
Autore principale: Hrušovská, Dana, 1964-
Natura: Capitolo di libro
Lingua:slovacco
Soggetti:
Tags: Aggiungi Tag
Nessun Tag, puoi essere il primo ad aggiungerne!!

MARC

LEADER 00000naa$a2200000$$$4500
001 0152995
005 20240502072727.0
041 0 |a slo 
044 |a SK 
245 1 0 |a Nové trendy v spotrebiteľskom správaní  |c Dana Hrušovská 
520 |a Rozvoj elektronického obchodu. Prekonávanie prekážok súvisiacich s elektronickým obchodovaním. Základná právna norma EÚ upravujúca elektronické obchodovanie - Smernica o elektronickom obchode 2000/31/ES z r. 2000. Právne predpisy upravujúce elektronické podnikanie na Slovensku. Nové spotrebiteľské segmenty. Demografické zmeny a spotrebiteľské správanie. Zdravý životný štýl. Rreakcie podnikateľov na nové spotrebiteľské správanie. 
610 2 0 |a správanie spotrebiteľa 
610 2 0 |a spotrebitelia 
610 2 0 |a obchod elektronický 
610 2 0 |a starnutie populácie 
610 2 0 |a deti 
610 2 0 |a zdravie 
610 2 0 |a štýl životný 
610 2 0 |a rozhodovanie nákupné 
610 2 0 |a firmy 
610 2 0 |a legislatíva 
610 2 0 |a Európska únia 
610 2 0 |a Slovensko 
100 1 |a Hrušovská, Dana, 1964-